000 00436nam a2200181Ia 4500
005 20250423101504.0
008 250422s9999 xx 000 0 und d
020 _a0-672-22619-7
050 _aQA 76.73.C153/
100 _aJohn Thomas Berry
245 4 _aThe Waite Group's C++ Programming
260 _aUSA
260 _bHoward W. Sam & Company
260 _c1989
300 _a381 p
650 _aC++ Programming
942 _cBK
999 _c36433
_d36433